| 000 | 01503njm a2200301 a 4500 | ||
|---|---|---|---|
| 003 | BLK | ||
| 005 | 20241011114109.0 | ||
| 007 | sd ammalaaahaa | ||
| 008 | 221104b bu |||||s|||| 00| | bu d | ||
| 028 | _aВСА 1250 | ||
| 040 | _aBLK | ||
| 041 |
_aBUL _aENG _cBUL |
||
| 080 |
_aКамерен оркестър _b785.16 _z785.16(086.72) |
||
| 100 | 1 |
_947870 _aВивалди, Антонио |
|
| 245 |
_aГодишните времена _cАнтонио Вивалди ; изп. Камерен ансамбъл "Софийски солисти"; соло цигулка Стойка Миланова; диригент Васил Казанджиев |
||
| 260 |
_9210374 _aСофия _bБалкантон _c1973 |
||
| 300 |
_a1 грамофонна плоча _b33 об/мин, стерео _c30 см |
||
| 380 | _a7 | ||
| 500 | _aПролет (Allegro - Largo e pianissiimo sempre - Danza pastorale. Allegro), Лято (Allegro non molto - Adagio - Presto (Tempo impetusos d'Estate), Есен (Allegro - Adagio - Allegro), Зима (Allegro non molto - Largo - Allegro) | ||
| 653 |
_9471325 _aсимфонични концерти |
||
| 700 | 1 |
_995535 _aМиланова, Стойка Стоянова |
|
| 700 |
_aКазанджиев, Васил Иванов _d1934 - _gкомпозитор _9387582 |
||
| 852 |
_aФ ІІ 2197 _bЦб |
||
| 856 |
_i0.00 _ldisable |
||
| 942 |
_cGPL _n0 |
||
| 944 |
_cНора Радева _k30560 _a30545 _lГеновева Генчева |
||
| 999 |
_c518558 _d518558 |
||
| 999 | _d515325 | ||